| 000 | 00431nam a22001577a 4500 | ||
|---|---|---|---|
| 005 | 20251108165857.0 | ||
| 008 | 250721s9999 xx 000 0 ara d | ||
| 082 | 1 | 4 | _aط/590/موس |
| 245 | 1 | 0 | _aموسوعة عالم الحيوان / |
| 264 | 1 |
_aبيروت : _bدار الراتب الجامعية، _c[19-]. |
|
| 300 | _a10ج | ||
| 650 | 1 | 7 | _aالحيوانات |
| 650 | 1 | 7 | _aالطيور |
| 942 |
_2ddc _cBK |
||
| 999 |
_c33658 _d33658 |
||